Домашняя работа по черчению за 7-8 классы к учебнику "Черчение: учеб. для общеобразоват. учреждений / А.Д. Ботвинников, В.Н. Виноградов, И.С. Вышнепольский. - М.: АСТ: Астрель, 2008" (Запись № 319355)

Подробности
000 -МАРКЕР
контрольное поле 02182nam0a2200397 4500
001 - ИДЕНТИФИКАТОР ЗАПИСИ
контрольное поле RU\NLR\bibl\1265118
005 - ИДЕНТИФИКАТОР ВЕРСИИ
контрольное поле 20250615132359.0
010 ## - МЕЖДУНАРОДНЫЙ СТАНДАРТНЫЙ НОМЕР КНИГИ (ISBN)
Номер (ISBN) 978-5-377-01917-6
Тираж 15000
021 ## - НОМЕР ГОСУДАРСТВЕННОЙ РЕГИСТРАЦИИ
Код страны Российская Федерация
Номер 2008-49716
Номер Листа государственной регистраци 2752
035 ## - ДРУГИЕ СИСТЕМНЫЕ НОМЕРА
Идентификатор записи (NLR Aleph) 001251062
100 ## - ДАННЫЕ ОБЩЕЙ ОБРАБОТКИ
Данные общей обработки 20080825d2009 |||y0rusy50 ca
101 0# - ЯЗЫК РЕСУРСА
Язык текста, звукозаписи и т.д. русский
102 ## - СТРАНА ПУБЛИКАЦИИ ИЛИ ПРОИЗВОДСТВА
Страна публикации Российская Федерация
105 ## - ПОЛЕ КОДИРОВАННЫХ ДАННЫХ: ТЕКСТОВЫЕ МАТЕРИАЛЫ, МОНОГРАФИЧЕСКИЕ
Кодированные данные о монографическом текстовом документе a |||||||||
200 1# - ЗАГЛАВИЕ И СВЕДЕНИЯ ОБ ОТВЕТСТВЕННОСТИ
Основное заглавие Домашняя работа по черчению за 7-8 классы к учебнику "Черчение: учеб. для общеобразоват. учреждений / А.Д. Ботвинников, В.Н. Виноградов, И.С. Вышнепольский. - М.: АСТ: Астрель, 2008"
Сведения, относящиеся к заглавию учебно-методическое пособие
Первые сведения об ответственности Д.И. Чепаев
205 ## - СВЕДЕНИЯ ОБ ИЗДАНИИ
Сведения об издании Изд. 6-е, перераб. и испр.
210 ## - ПУБЛИКАЦИЯ, РАСПРОСТРАНЕНИЕ И ДР.
Место издания, распространения и т.д. Москва
Имя издателя, распространителя и т. д. Экзамен
Дата издания, распространения и т.д. 2009 [т. е. 2008]
215 ## - ФИЗИЧЕСКАЯ ХАРАКТЕРИСТИКА
Специфическое обозначение материала и объем 94 с.
Другие сведения о физической характеристике ил.
Размеры 20
225 1# - СЕРИЯ
Основное заглавие серии Серия Решебник
225 1# - СЕРИЯ
Основное заглавие серии New
225 1# - СЕРИЯ
Основное заглавие серии Только для родителей
300 ## - ОБЩИЕ ПРИМЕЧАНИЯ
Текст примечания Загл. обл.: Домашняя работа по черчению: 7-8
300 ## - ОБЩИЕ ПРИМЕЧАНИЯ
Текст примечания На обл. авт. не указан
300 ## - ОБЩИЕ ПРИМЕЧАНИЯ
Текст примечания Кн. фактически изд. в 2008 г.
422 #0 - ИЗДАНИЕ, К КОТОРОМУ ОТНОСИТСЯ ПРИЛОЖЕНИЕ
Встроенное поле 2001#$aЧерчение$eучебник для 7-8 класса общеобразовательны учреждений
-- 700#1$3RU\NLR\auth\775065$aБотвинников$bА. Д.$gАлександр Давидович и др.$4070
-- 205##$a4-е изд., дораб.
-- 210##$aМосква$cАСТ$cАстрель$d2008
Заглавие Черчение
Автор Ботвинников, Александр Давидович и др.
512 1# - ЗАГЛАВИЕ ОБЛОЖКИ
Заглавие обложки Домашняя работа по черчению
Сведения, относящиеся к заглавию 7-8
606 1# - НАИМЕНОВАНИЕ ТЕМЫ КАК ПРЕДМЕТ
Наименование темы Черчение
Формальный подзаголовок Учебные издания для средней школы
Тематический подзаголовок Задачи
-- Решение
Системный номер авторитетной/нормативной записи 2377828
Идентификатор авторитетной/нормативной записи RU\NLR\auth\661418870
686 ## - ИНДЕКСЫ ДРУГИХ КЛАССИФИКАЦИЙ
Индекс Ж11я721-41
700 #1 - ИМЯ ЛИЦА - ПЕРВИЧНАЯ ОТВЕТСТВЕННОСТЬ
Начальный элемент ввода Чепаев
Часть имени, кроме начального элемента ввода Д. И.
Расширение инициалов личного имени Дмитрий Иванович
Код отношения Автор
801 #0 - ИСТОЧНИК ЗАПИСИ
Страна Российская Федерация
Организация NLR
Дата составления 20080825
Правила каталогизации RCR
801 #1 - ИСТОЧНИК ЗАПИСИ
Страна Российская Федерация
Организация NLR
Дата составления 20080825
830 ## - ОБЩЕЕ ПРИМЕЧАНИЕ, СОСТАВЛЕННОЕ КАТАЛОГИЗАТОРОМ
Текст примечания Авт. по кн
942 ## - ДОПОЛНИТЕЛЬНЫЕ ЭЛЕМЕНТЫ ЗАПИСИ (АБИС)
Тип экземпляра АБИС Книга
980 ## - КОЛЛЕКЦИЯ
Название коллекции Национальная библиография
Экземпляры
Тип экземпляра Дата поступления Источник поступления Библиотека постоянного хранения Библиотека текущего хранения Место хранения Шифр хранения Штрих-код Статус экземпляра
Книга 25.08.2008 Обязательный экземпляр РНБ (Московский) РНБ (Московский) Русский книжный фонд: издания с 1957 года 2008-4/14342 1-4593307  
Книга 25.08.2008 Обязательный экземпляр РНБ (Московский) РНБ (Московский) Обменный фонд   2739743